000 01020nas a2200313 4500
001 BR2012000054
003 BR-BrBNA
005 20231205115919.0
007 ta
008 230509b bl.|||p| |||| 00| 00por d
040 _aBR-BrBNA
_bpor
_cBiblioteca Nacional de Agricultura
041 _a(Pt)
072 _aL02; L50
100 1 _aTucci, F.M.
100 1 _aThomaz, M.C.
100 1 _aNakaghi, L.S.O.
100 1 _aHannas, M.I.
100 1 _aScandolera, A.J.
100 1 _aBudiño, F.E.L.
245 1 _aEfeito da adição de agentes tróficos na dieta de leitões desmamados sobre a estrutura e ultraestrutura do intestino delgado e sobre o desempenho
650 _aLEITÃO
650 _aDESMAMA
650 _aBIOQUÍMICA ANIMAL
650 _aANATOMIA
650 _aNUTRIÇÃO ANIMAL
773 0 _tArquivo Brasileiro de Medicina Veterinária e Zootecnia (Brazil)
_xISSN 0102-0935
_g(Aug 2011), v. 63(4) p. 931-940
_wBR2012000054
909 _a202311
_bLúcia
_c55
_dLúcia Elande
942 _2AGRIS
_n0
_cANA
999 _c216279
_d216279